| 000 | 00700nam a22002417a 4500 | ||
|---|---|---|---|
| 003 | UA-OsUOA | ||
| 001 | 132727 | ||
| 007 | ta | ||
| 008 | 20180903b un ||||| |||| 00| 0 ukr d | ||
| 100 | _aШершеневич Г. Ф. | ||
| 090 |
_a340.12(091) _bШ50 |
||
| 942 | _cBK | ||
| 040 |
_aUA-OsUOA _brus _cUA-OsUOA _dUA-OsUOA |
||
| 245 | _aИстория философии права | ||
| 300 | _a528 с. | ||
| 955 | _a2 | ||
| 041 | _arus | ||
| 080 | _a340.12(091) | ||
| 020 | _a5-8114-0271-6 | ||
| 260 |
_aСПб _bЛань _c2001 |
||
| 650 | 7 |
_a340 Право в цілому. Пропедевтика. Методи та допоміжні правничі науки _2UDC |
|
| 999 |
_c421229 _d421229 |
||